MARC

LEADER 00000nam a2200000Ia 4500
001 19888
008 160829s2007 xx 000 0 cat d
020 |a 978-84-9803-254-3 
080 |a L-2-95 
100 |a Aristòfanes  |9 35377 
245 |a Els Ocells / Aristòfanes ; traducció i pròleg de Cristián Carandell 
250 |a 2a ed. 
260 |a Barcelona :  |b Diputació de Barcelona :  |b Institut del Teatre,  |c 2007 
300 |a 92 p. ;  |c 18 cm 
490 |a Col·lecció popular de teatre clàssic universal ; 60 
700 |a Carandell, Cristián, tr. i pr.   |9 35378 
710 1 |a Institut del Teatre (Barcelona, Catalunya)  |9 52662 
710 1 |a Barcelona (Catalunya : Província).  |b Diputació  |9 52408 
901 |a Arxiu 
942 |n 1 
952 |0 0  |1 0  |4 0  |6 L295  |7 1  |9 52449  |a Arxiu  |b Arxiu  |d 2016-12-01  |l 0  |o L-2-95  |p 19888  |r 2016-12-01 00:00:00  |w 2016-12-01  |y ARXIU 
999 |c 56297  |d 56297